Music Quiz

Random Music or Clickable Quiz

Albums Starting With 'N' and 'O' By Artist (Matching) Quiz Stats

 Plays Quiz not verified by Sporcle

Score 0/25 Timer 04:00
0 Plays Today
% Correct
Britney Spears
97.7%
Nirvana
94.2%
Radiohead
93.6%
Sex Pistols
91.3%
Otis Redding
86%
Michael Jackson
83.1%
Beck
82%
Green Day
81.4%
Bruce Springsteen
79.7%
Parliament Funkadelic
75.6%
Phil Collins
75%
R.E.M.
73.8%
Eagles
70.9%
% Correct
Erykah Badu
69.2%
The Police
68%
Bon Jovi
68%
Red Hot Chili Peppers
64%
Jane's Addiction
57.6%
Van Halen
57.6%
The Rolling Stones
55.2%
Foo Fighters
50%
The Zombies
47.7%
David Guetta
43%
Dire Straits
41.3%
Drake
31.4%

You're not logged in!

Compare scores with friends on all Sporcle quizzes.
Join for Free
OR
Log In

You Might Also Like...

Show Comments

Extras

Top Quizzes Today


Score Distribution

Your Account Isn't Verified!

In order to create a playlist on Sporcle, you need to verify the email address you used during registration. Go to your Sporcle Settings to finish the process.

Report this User

Report this user for behavior that violates our Community Guidelines.

Details: